000
00271nam a22000977a 4500
082
_a
NR:339.138(540)
_b
IND
245
_a
<The> Indian Rubber Board: Report on marketing organisation for rubber
260
_a
Kottayam
_b
Indian Rubber Board
_c
1950
300
_a
27p.
942
_c
BK
999
_c
74747
_d
74747